FAO investment centre technical paper N11: Guidelines for planning irrigation and drainage investment projects

Đã lưu trong:
書目詳細資料
主要作者: FAO
格式: 圖書
語言:Undetermined
出版: Rome FAO 1996
主題:
標簽: 添加標簽
沒有標簽, 成為第一個標記此記錄!
Thư viện lưu trữ: Trung tâm Học liệu Trường Đại học Cần Thơ
LEADER 00557nam a2200181Ia 4500
001 CTU_16872
008 210402s9999 xx 000 0 und d
082 |a 332 
082 |b F218/N11 
100 |a FAO 
245 0 |a FAO investment centre technical paper N11: Guidelines for planning irrigation and drainage investment projects 
245 0 |c FAO 
260 |a Rome 
260 |b FAO 
260 |c 1996 
650 |a investments,irrigation farming 
904 |i Nguyễn Quang Điiền, 970611 
980 |a Trung tâm Học liệu Trường Đại học Cần Thơ